| 000 | 00393nam a2200121 4500 | ||
|---|---|---|---|
| 999 |
_c9560 _d9560 |
||
| 008 | 180707b ||||| |||| 00| 0 eng d | ||
| 100 |
_928434 _aPunongbayan, Michael |
||
| 245 |
_aNapoles, 2 ex-lawmakers in 'pork' scam granted bail/ _cMichael Punongbayan |
||
| 260 |
_aPhilippines _bThe Philippine Star _cc2016 |
||
| 300 | _apage A-21. | ||
| 650 | 0 |
_928435 _aPolitical corruption. |
|
| 942 |
_2ddc _cPER |
||